APPLIED CRYPTOGRAPHY (Record no. 23264)
[ view plain ]
| 000 -LEADER | |
|---|---|
| fixed length control field | 00282nam a22001337a 4500 |
| 020 ## - INTERNATIONAL STANDARD BOOK NUMBER | |
| International Standard Book Number | 997151348X |
| 082 ## - DEWEY DECIMAL CLASSIFICATION NUMBER | |
| Classification number | 005.82 |
| 100 ## - MAIN ENTRY--PERSONAL NAME | |
| Personal name | SCHNEIER BRUCE |
| 245 ## - TITLE STATEMENT | |
| Title | APPLIED CRYPTOGRAPHY |
| 250 ## - EDITION STATEMENT | |
| Edition statement | 2ND ED. |
| 260 ## - PUBLICATION, DISTRIBUTION, ETC. | |
| Place of publication, distribution, etc. | INDIA |
| Name of publisher, distributor, etc. | JOHN WILEY AND SONS |
| Date of publication, distribution, etc. | 2002 |
| 300 ## - PHYSICAL DESCRIPTION | |
| Extent | 758 |
| 942 ## - ADDED ENTRY ELEMENTS (KOHA) | |
| Koha item type | Book |
| Withdrawn status | Lost status | Damaged status | Not for loan | Permanent Location | Current Location | Shelving location | Date acquired | Full call number | Barcode | Date last seen | Price effective from | Koha item type | Total Checkouts | Total Renewals | Date last checked out |
|---|---|---|---|---|---|---|---|---|---|---|---|---|---|---|---|
| Central Library (CL) | Central Library (CL) | First Floor - Artificial Intelligence/Data Mining | 03/07/2013 | 005.82 | RCMS000175 | 07/16/2021 | 03/07/2013 | Book | 2 | 3 | 05/20/2019 | ||||
| NUST Baluchistan Campus (NBC) | NUST Baluchistan Campus (NBC) | General Stacks | 03/07/2013 | 005.82 | RCMS000173 | 03/07/2013 | 03/07/2013 | Book | |||||||
| NUST Baluchistan Campus (NBC) | NUST Baluchistan Campus (NBC) | General Stacks | 03/07/2013 | 005.82 | RCMS000174 | 03/07/2013 | 03/07/2013 | Book | |||||||
| School of Interdisciplinary Engineering and Sciences (SINES) | School of Interdisciplinary Engineering and Sciences (SINES) | General Stacks | 04/11/2014 | 005.82 | RCMS000172 | 04/11/2014 | 01/05/2017 | Book |
